000 00534nam a2200145 i 4500
001 52809
003 ES-MaACL
005 20230906162641.0
007 t|
008 030904s1933 sp ||||1| spa d
245 0 0 _aEn defensa de la agricultura
_b: exponentes de la exportación canaria de plátanos, vicios y males de que adolece y remedios para evitarlos : problemas fruteros /
_cpor un agricultor.
260 _a[S.l. :
_bs.n.,
_c1933] (
_eOrotava :
_fAntonio Herreros)
300 _a140 p. ;
_c22 cm.
852 _aES-MaACL
_j1782-F-4
999 _c52809
_d52809